000 01240nam a2200397 i 4500
001 4762
003 KOSZ 005
005 20200602092613.0
008 200602s1992 pl g 000 0 eng
040 _aKOSZ 005
_cKOSZ 005/RW
041 _aeng
_apol
046 _k1992
080 _a811.111
080 _a378.244
080 _a(07)
100 1 _aZabor, Lech
_eAutor
245 1 0 _aWybór tekstów egzaminacyjnych z języka angielskiego /
_cLech Zabor.
260 _aWrocław :
_bInternauka,
_c1992.
300 _a58, [2] stron ;
_c21 cm.
336 _aTekst
_btxt
_2rdacontent
337 _aBez urządzenia pośredniczącego
_bn
_2rdamedia
338 _aWolumin
_bnc
_2rdacarrier
380 _aKsiążki
380 _aPublikacje dydaktyczne
388 _a1901-2000
388 _a1989-2000
546 _aTekst w języku angielskim i polskim.
650 7 _aJęzyk angielski
650 7 _aPoziom podstawowy
650 7 _aEgzaminy do szkół wyższych
655 7 _aĆwiczenia i zadania
658 _aJęzykoznawstwo
710 2 _aInternauka
_4pbl
856 _uhttp://koha.tu.koszalin.pl/cgi-bin/koha/opac-detail.pl?biblionumber=4762
_yKatalog online BPK
942 _2UKD
_cKS
999 _c4762
_d4762